Chansons de Brassens, Brel ou Ferré ? - Statistiques

Statistiques générales
  • Ce quiz a été pris 298 fois
  • Le résultat moyen est 21 sur 30
Statistiques - réponses
Hint Réponse % Correct
Chanson pour l'Auvergnat Brassens
94%
La valse à mille temps Brel
93%
La mauvaise réputation Brassens
91%
Les amoureux des bancs publics Brassens
90%
Quand on n'a que l'amour Brel
89%
Les Flamandes Brel
88%
Madeleine Brel
86%
Supplique pour être enterré à la plage de Sète Brassens
82%
Jolie Môme Ferré
78%
C'est extra Ferré
77%
Orly Brel
76%
Les Passantes Brassens
75%
Avec le temps Ferré
74%
Jeanne Brassens
72%
Le petit cheval Brassens
72%
Les Vieux Brel
72%
L'inconnue de Londres Ferré
72%
Les Marquises Brel
71%
Paris canaille Ferré
69%
Ni Dieu ni maître Ferré
65%
Pauvre Martin Brassens
62%
Le piano du pauvre Ferré
62%
Je t'aimais bien, tu sais... Ferré
59%
Au suivant Brel
58%
Les temps difficiles Ferré
58%
Les funérailles d'antan Brassens
56%
Jaurès Brel
53%
Le Moribond Brel
52%
Comme à Ostende Ferré
48%
Marquise Brassens
29%
Aucun quiz correspondant
Distribution des résultats
% des personnes avec chaque résultat
Percentile par nombre de réponses
Votre historique - résultats
Vous n’avez pas pris ce quiz